Statystyki dla Wszystkie polskie ptaki

Kliknij tutaj aby rozwiązać quiz!

Ogólne statystyki

  • Ten quiz został rozwiązany 281 razy
  • Średni wynik to 132 z 462

Statystyki odpowiedzi

Lp.Gatunek% Poprawnych
411.Wróbel
86%
301.Kruk
76%
202.Bocian biały
72%
201.Bocian Czarny
72%
433.Gil
71%
300.Gawron
68%
297.Sroka
67%
400.Kos
65%
51.Bażant
64%
299.Kawka
63%
296.Sójka
63%
83.Żuraw
63%
242.Bielik
62%
240.Jastrząb
62%
45.Krzyżówka
62%
3.Łabędź Niemy
62%
310.Bogatka
60%
210.Czapla Siwa
60%
52.Kuropatwa
60%
412.Mazurek
60%
246.Myszołów
60%
370.Szpak
60%
274.Zimorodek
60%
265.Dzięcioł Czarny
59%
261.Dudek
58%
10.Gęgawa
58%
287.Wilga
58%
429.Jer
57%
308.Modraszka
57%
303.Wrona Siwa
57%
268.Dzięcioł Duży
56%
5.Łabędź Krzykliwy
56%
374.Rudzik
56%
74.Kukułka
55%
260.Puchacz
55%
462.Sierpówka
55%
314.Skowronek
55%
66.Grzywacz
54%
232.Orzeł Przedni
54%
284.Sokół Wędrowny
54%
264.Dzięcioł Zielony
53%
305.Czubatka
52%
219.Kormoran
52%
428.Zięba
52%
446.Czyż
51%
340.Dymówka
51%
73.Jerzyk
51%
49.Mandarynka
51%
427.Pliszka Siwa
51%
424.Pliszka Żółta
51%
306.Sikora Uboga
51%
56.Cietrzew
50%
102.Czajka
50%
212.Czapla Biała
50%
402.Kwiczoł
50%
81.Łyska
50%
362.Mysikrólik
50%
338.Oknówka
50%
61.Perkoz Dwuczuby
50%
248.Płomykówka
50%
277.Pustułka
50%
272.Żołna
50%
365.Kowalik
49%
70.Lelek
49%
256.Puszczyk
49%
267.Dzięciołek
48%
55.Głuszec
48%
64.Gołąb Miejski
48%
67.Turkawka
48%
205.Bąk
47%
273.Kraska
47%
239.Krogulec
47%
50.Przepiórka
47%
161.Śmieszka
47%
443.Szczygieł
47%
16.Lodówka
46%
454.Trznadel
46%
384.Kopciuszek
45%
30.Ohar
45%
383.Pleszka
45%
354.Raniuszek
45%
24.Gągoł
44%
251.Pójdźka
44%
220.Rybołów
44%
65.Siniak
44%
304.Sosnówka
44%
266.Dzięcioł Średni
43%
434.Dzwoniec
43%
364.Jemiołuszka
43%
243.Kania Ruda
43%
80.Kokoszka
43%
250.Sóweczka
43%
337.Trzciniak
43%
254.Uszatka
43%
11.Gęś Zbożowa
42%
430.Grubodziób
42%
228.Orlik Krzykliwy
42%
307.Czarnogłówka
41%
263.Dzięcioł Zielonosiwy
41%
4.Łabędź Czarnodzioby
41%
26.Nurogęś
41%
183.Rybitwa Rzeczna
41%
9.Bernikla Kanadyjska
40%
435.Makolągwa
40%
350.Pierwiosnek
40%
335.Trzcinniczek
40%
206.Bączek
39%
113.Batalion
39%
85.Drop
39%
288.Gąsiorek
39%
298.Orzechówka
39%
59.Perkozek
39%
425.Pliszka Górska
39%
398.Śpiewak
39%
43.Świstun
39%
39.Cyranka
38%
341.Brzegówka
37%
47.Cyraneczka
37%
302.Czarnowron
37%
36.Czernica
37%
18.Edredon
37%
171.Mewa Srebrzysta
37%
366.Pełzacz Leśny
37%
311.Remiz
37%
226.Sęp Płowy
37%
431.Dziwonia
36%
280.Kobuz
36%
262.Krętogłów
36%
88.Ostrygojad
36%
369.Strzyżyk
36%
20.Uhla
36%
244.Kania Czarna
35%
312.Lerka
35%
367.Pełzacz Ogrodowy
35%
376.Słowik Rdzawy
35%
377.Słowik Szary
35%
363.Zniczek
35%
234.Błotniak Stawowy
34%
271.Dzięcioł Trójpalczasty
34%
355.Kapturka
34%
381.Muchołówka Żałobna
34%
397.Paszkot
34%
348.Piecuszek
34%
128.Słonka
34%
75.Wodnik
34%
53.Jarząbek
33%
441.Krzyżodziób Świerkowy
33%
40.Płaskonos
33%
372.Pluszcz
33%
368.Pomurnik
33%
97.Sieweczka Rzeczna
33%
237.Błotniak Łąkowy
32%
76.Derkacz
32%
14.Gęś Białoczelna
32%
130.Kszyk
32%
60.Perkoz Rdzawoszyi
32%
450.Potrzeszcz
32%
96.Sieweczka Obrożna
32%
309.Sikora Lazurowa
32%
149.Alka
31%
178.Mewa Siodłata
31%
358.Piegża
31%
207.Ślepowron
31%
6.Bernikla Obrożna
30%
211.Czapla Purpurowa
30%
315.Dzierlatka
30%
33.Głowienka
30%
452.Ortolan
30%
426.Pliszka Cytrynowa
30%
378.Podróżniczek
30%
185.Rybitwa Białoczelna
30%
292.Srokosz
30%
418.Świergotek Łąkowy
30%
27.Szlachar
30%
329.Zaganiacz
30%
235.Błotniak Zbożowy
29%
270.Dzięcioł Białogrzbiety
29%
107.Kulik Wielki
29%
334.Łozówka
29%
456.Potrzos
29%
276.Pustułeczka
29%
332.Rokitniczka
29%
187.Rybitwa Czarna
29%
2.Sterniczka
29%
343.Świstunka Leśna
29%
222.Trzmielojad
29%
361.Cierniówka
28%
403.Drozd Obrożny
28%
399.Droździk
28%
269.Dzięcioł Białoszyi
28%
57.Flaming Różowy
28%
42.Krakwa
28%
440.Krzyżodziób Sosnowy
28%
147.Maskonur
28%
373.Muchołówka Szara
28%
92.Siewka Złota
28%
7.Bernikla Białolica
27%
118.Biegus Zmienny
27%
225.Gadożer
27%
77.Kropiatka
27%
166.Mewa Czarnogłowa
27%
162.Mewa Mała
27%
152.Nurzyk
27%
233.Orzełek
27%
1.Sterniczka Jamajska
27%
415.Świergotek Drzewny
27%
423.Świergotek Polny
27%
90.Szablodziób
27%
89.Szczudłak
27%
63.Zausznik
27%
25.Bielaczek
26%
356.Gajówka
26%
13.Gęś Krótkodzioba
26%
15.Gęś Mała
26%
216.Głuptak
26%
357.Jarzębatka
26%
168.Mewa Siwa
26%
223.Orłosęp
26%
62.Perkoz Rogaty
26%
408.Płochacz Halny
26%
34.Podgorzałka
26%
386.Pokląskwa
26%
257.Puszczyk Uralski
26%
109.Rycyk
26%
330.Wodniczka
26%
78.Zielonka
26%
8.Bernikla Rdzawoszyja
25%
209.Czapla Złotawa
25%
438.Czeczotka
25%
22.Markaczka
25%
159.Mewa Trójpalczasta
25%
382.Muchołówka Białoszyja
25%
380.Muchołówka Mała
25%
190.Nur Czarnoszyi
25%
189.Nur Rdzawoszyi
25%
37.Ogorzałka
25%
214.Warzęcha
25%
321.Wąsatka
25%
236.Błotniak Stepowy
24%
323.Brzęczka
24%
213.Czapla Nadobna
24%
32.Hełmiatka
24%
388.Kląskawka
24%
278.Kobczyk
24%
140.Krwawodziób
24%
245.Myszołów Włochaty
24%
282.Raróg
24%
419.Siwerniak
24%
448.Snieguła
24%
82.Żuraw Stepowy
24%
131.Bekasik
23%
389.Białorzytka
23%
12.Gęś Tundrowa
23%
46.Rożeniec
23%
84.Strepet
23%
253.Syczek
23%
17.Turkan
23%
121.Biegus Malutki
22%
279.Drzemlik
22%
445.Kulczyk
22%
54.Pardwa Mszarna
22%
371.Pasterz
22%
203.Pelikan Różowy
22%
258.Puszczyk Mszarny
22%
181.Rybitwa Czubata
22%
458.Trznadelek
22%
150.Alczyk
21%
116.Biegus Mały
21%
133.Brodziec Piskliwy
21%
71.Jerzyk Alpejski
21%
217.Kormoran Mały
21%
229.Orlik Grubodzioby
21%
227.Sęp Kasztanowaty
21%
98.Sieweczka Morska
21%
91.Siewnica
21%
325.Świerszczak
21%
294.Wieszczek
21%
35.Czerniczka
20%
31.Kazarka Rdzawa
20%
442,Krzyżodziób Modrzewiowy
20%
105.Kulik Mniejszy
20%
175.Mewa Blada
20%
173.Mewa Romańska
20%
385.Nagórnik
20%
231.Orzeł Cesarski
20%
275.Rybaczek Srokaty
20%
186.Rybitwa Białowąsa
20%
184.Rybitwa Popielata
20%
180.Rybitwa Wielkodzioba
20%
135.Samotnik
20%
224.Ścierwnik
20%
93.Siewka Złotawa
20%
324.Strumieniówka
20%
255.Uszatka Błotna
20%
252.Włochatka
20%
352.Wójcik
20%
333.Zaroślówka
20%
19.Birginiak
19%
293.Dzierzba Rudogłowa
19%
316.Górniczek
19%
215.Ibis Kasztanowaty
19%
461.Junko
19%
218.Kormoran Czubaty
19%
182.Rybitwa Różowa
19%
99.Sieweczka Mongolska
19%
68.Turkawka Wschodnia
19%
413.Wróbel Skalny
19%
115.Biegus Krzywodzioby
18%
119.Biegus Morski
18%
112.Biegus Rdzawy
18%
137.Brodziec Śniady
18%
291.Dzierzba Czarnoczelna
18%
29.Gęsiówka Egipska
18%
110.Kamusznik
18%
87.Kulon
18%
138.Kwokacz
18%
170.Mewa Żółtonoga
18%
379.Modraczek
18%
148.Nurnik
18%
410.Pokrzywnica
18%
188.Rybitwa Białoskrzydła
18%
375.Słowik Syberyjski
18%
414.Śnieżka
18%
420.Świergotek Nadmorski
18%
346.Świstunka Złotawa
18%
344.Świstunka Żółtawa
18%
449.Trznadel Czarnogłowy
18%
142.Brodziec Pławny
17%
103.Czajka Towarzyska
17%
208.Czapla Modronosa
17%
129.Dubelt
17%
86.Hubara Arabska
17%
141.Łęczak
17%
191.Lodowiec
17%
432.Łuskowiec
17%
23.Markaczka Amerykańska
17%
174.Mewa Białogłowa
17%
169.Mewa Delawarska
17%
163.Mewa Różowa
17%
95.Mornel
17%
436.Rzepołuch
17%
249.Sowa Jarzębata
17%
108.Szlamnik
17%
459.Trznadel Złotawy
17%
283.Białozór
16%
48.Cyraneczka Karolińska
16%
247.Kurhannik
16%
158.Mewa Obrożna
16%
167.Orlica
16%
230.Orzeł Stepowy
16%
259.Puchacz Śnieżny
16%
69.Pustynnik
16%
179.Rybitwa Krótkodzioba
16%
295.Sójka Syberyjska
16%
281.Sokół Skalny
16%
347.Świstunka Brunatna
16%
336.Trzcinnniczek Kaspijski
16%
134.Brodziec Plamisty
15%
407.Drozd Rdzawogardły
15%
196.Fulmar
15%
72.Jerzyk Blady
15%
28.Kamieniuszka
15%
79.Karliczka
15%
160.Mewa Cienkodzioba
15%
204.Pelikan Kędzierzawy
15%
117.Piaskowiec
15%
94.Siewka Szara
15%
21.Uhla Azjatycka
15%
285.Aleksandretta Obrożna
14%
114.Biegus Płaskodzioby
14%
241.Bielik Wschodni
14%
439.Czeczotka Tundrowa
14%
318.Kalandra Szara
14%
238.Krogulec Krótkonogi
14%
106.Kulik Cienkodzioby
14%
164.Mewa Karaibska
14%
192.Nur Białodzioby
14%
151.Nurzyk Polarny
14%
58.Perkoz Grubodzioby
14%
143.Płatkonóg Szydłodzioby
14%
44.Świstun Amerykański
14%
331.Tamaryszka
14%
132.Terekia
14%
286.Wireonek Czerwonooki
14%
326.Zaganiacz Mały
14%
145.Żwirowiec Łąkowy
14%
125.Biegus Arktyczny
13%
122.Biegus Karłowaty
13%
111.Biegus Wielki
13%
453.Cierlik
13%
41.Cyranka Modroskrzydła
13%
404.Drozd Rdzawy
13%
339.Jaskółka Rudawa
13%
319.Kalandra Czarna
13%
221.Kaniuk
13%
176.Mewa Polarna
13%
144.Płatkonóg Płaskodzioby
13%
447.Poświerka
13%
317.Skowrończyk Krótkopalcowy
13%
417.Świergotek Rdzawogardły
13%
416.Świergotek Tajgowy
13%
342.Świstunka Górska
13%
349.Świstunka Iberyjska
13%
455.Trznadel Białogłowy
13%
457.Trznadel Czubaty
13%
460.Trznadel Złotobrewy
13%
154.Wydrzyk Ostrosterny
13%
391.Białorzytka Pustynna
12%
123.Biegus Białorzytny
12%
124.Biegus Płowy
12%
136.Brodziec Żółtonogi
12%
437.Czeczotka Brązowa
12%
401.Drozd Oliwkowy
12%
405.Drozd Rdzawoskrzydły
12%
289.Dzierzba Rdzawosterna
12%
451.Głuszek
12%
172.Mewa Popielata
12%
38.Ogorzałka Mała
12%
444.Osetnik
12%
360.Pokrzewka Aksamitna
12%
359.Pokrzewka Wąsata
12%
100.Sieweczka Pustynna
12%
421.Świergotek Szponiasty
12%
345.Świstunka Ałtajska
12%
155.Wydrzyk Tęposterny
12%
156.Wydrzyk Wielki
12%
104.Czajka Stepowa
11%
290.Dzierzba Pustynna
11%
157.Mewa Modrodzioba
11%
165.Mewa Śródziemnomorska
11%
409.Płochacz Syberyjski
11%
322.Świerszczak Melodyjny
11%
351.Świstunka Grubodzioba
11%
353.Świstunka Północna
11%
153.Wydrzyk Długosterny
11%
146.Żwirowiec Stepowy
11%
390.Białorzytka Płowa
10%
394.Białorzytka Saharyjska
10%
396.Drozdaczek Ciemny
10%
406.Drozd Czarnogardły
10%
395.Drozdoń Tajgowy
10%
387.Kląskawka Syberyjska
10%
177.Mewa Ochocka
10%
194.Nawałnik Burzowy
10%
195.Nawałnik Duży
10%
320.Skowrończyk Mały
10%
422.Świergotek Stepowy
10%
327.Zaganiacz Blady
10%
328.Zaganiacz Szczebiotliwy
10%
393.Białorzytka Pstra
9%
392.Białorzytka Rdzawa
9%
139.Brodziec Piegowaty
9%
198.Burzyk Szary
9%
193.Oceannik Żółtopłetwy
9%
101.Sieweczka Długonoga
9%
313.Skowronek Białoskrzydły
9%
127.Szlamiec Długodzioby
9%
120.Biegus Długoskrzydły
8%
126.Biegus Tundrowy
8%
200.Burzyk Balearski
8%
199.Burzyk Północny
8%
197.Burzyk Żółtodzioby
8%

Rozkład punktacji

Percentyl według liczby udzielonych odpowiedzi

Procent ludzi z każdym wynikiem

Twoja historia wyników

Nie rozwiązałeś tego quizu